|
|
|
|
| LEADER |
01046nam a2200241 a 4500 |
| 001 |
4520227 |
| 008 |
100929r20091999nyua b 001 0 eng d |
| 010 |
|
|
|a 99010033
|
| 020 |
|
|
|a 020139829X
|
| 020 |
|
|
|a 9788131709771
|
| 040 |
|
|
|a DLC
|c DLC
|d DLC
|d BD-DhAAL
|
| 082 |
0 |
0 |
|a 025.04
|2 21
|
| 100 |
1 |
|
|a Baeza-Yates, R.
|q (Ricardo)
|
| 245 |
1 |
0 |
|a Modern information retrieval /
|c Ricardo Baeza-Yates, Berthier Ribeiro-Neto.
|
| 260 |
|
|
|a New York :
|b ACM Press ;
|a Harlow, England :
|b Addison-Wesley, ;
|a New Delhi :
|b Pearson Education
|c c1999.[Reprinted 2009]
|
| 300 |
|
|
|a xx, 513 p. :
|b ill. ;
|c 24 cm.
|
| 504 |
|
|
|a Includes bibliographical references (p. 455-499) and index.
|
| 541 |
1 |
|
|e 00021143
|
| 650 |
|
0 |
|a Information storage and retrieval systems.
|
| 700 |
1 |
|
|a Ribeiro, Berthier de Araújo Neto,
|d 1960-
|
| 852 |
4 |
|
|a Ayesha Abed Library
|j General shelf
|
| 999 |
|
|
|c 9599
|d 9599
|
| 952 |
|
|
|0 0
|1 0
|2 ddc
|4 0
|6 025_040000000000000_BAE_2009
|7 0
|9 12222
|a BRACUL
|b BRACUL
|c GEN
|d 2010-09-30
|g 446.25
|l 1
|m 2
|o 025.04 BAE
|p 3010021143
|r 2023-10-09
|s 2023-01-31
|t 1
|w 2010-09-30
|y BK
|